[Event "3rd North Wales FIDE Open"]
[Site "Llandudno"]
[Date "2018.06.24"]
[Round "5.7"]
[White "Whitehead, Mark A"]
[Black "Krupenko, Peter"]
[Result "1/2-1/2"]
[WhiteElo "1913"]
[BlackElo "1716"]
[PlyCount "39"]
[EventDate "2018.06.22"]
[EventType "swiss"]
[EventRounds "5"]
[EventCountry "WLS"]
[SourceDate "2018.07.24"]

1. e4 e5 2. Nf3 Nc6 3. Bb5 Bc5 4. c3 Qe7 5. O-O a6 6. Ba4 b5 7. Bc2 Bb6 8. Re1
d6 9. h3 Nf6 10. d4 O-O 11. d5 Nd8 12. a4 bxa4 13. Bxa4 h6 14. Nbd2 Nh7 15. Nc4
Ba7 16. Be3 Bxe3 17. Nxe3 Ng5 18. Bc2 Qf6 19. Nxg5 Qxg5 20. Qf3 1/2-1/2

[Event "3rd North Wales FIDE Open"]
[Site "Llandudno"]
[Date "2018.06.24"]
[Round "5.8"]
[White "Makkar, Rajat"]
[Black "Gamble, Raymond J"]
[Result "1-0"]
[WhiteElo "1835"]
[BlackElo "1874"]
[PlyCount "37"]
[EventDate "2018.06.22"]
[EventType "swiss"]
[EventRounds "5"]
[EventCountry "WLS"]
[SourceDate "2018.07.24"]

1. d4 Nf6 2. c4 e6 3. g3 d5 4. Nf3 Be7 5. Bg2 Nbd7 6. O-O O-O 7. Qc2 c6 8. Rd1
b6 9. a4 Ne4 10. cxd5 cxd5 11. Na3 Ba6 12. Nb5 Qc8 13. Qb3 Nd6 14. Bf4 Bxb5 15.
axb5 a5 16. Rdc1 Qb7 17. Rc6 Nc4 18. Rc7 a4 19. Rxa4 1-0

[Event "3rd North Wales FIDE Open"]
[Site "Llandudno"]
[Date "2018.06.24"]
[Round "5.9"]
[White "Crocker, Philip J"]
[Black "De Coverly, Roger D"]
[Result "1-0"]
[WhiteElo "2109"]
[BlackElo "1939"]
[PlyCount "101"]
[EventDate "2018.06.22"]
[EventType "swiss"]
[EventRounds "5"]
[EventCountry "WLS"]
[SourceDate "2018.07.24"]

1. c4 b6 2. Nc3 e6 3. e4 c5 4. g3 Bb7 5. Bg2 Nf6 6. Nge2 a6 7. O-O d6 8. d3 Be7
9. e5 Bxg2 10. exf6 Bxf1 11. fxe7 Qxe7 12. Qxf1 Nd7 13. b3 O-O 14. Bb2 Nf6 15.
Ne4 Nxe4 16. dxe4 Qb7 17. Nc3 Rab8 18. a4 f5 19. Qd3 Rbd8 20. Re1 f4 21. f3 Qf7
22. Kg2 h5 23. Bc1 Qg6 24. Ne2 e5 25. Kh1 fxg3 26. Nxg3 Qe6 27. Rg1 Rd7 28. Nf5
Kh7 29. Rg3 g6 30. Nh4 Rg7 31. Bg5 Rb8 32. Bd2 Qf6 33. Ng2 Rgb7 34. Qe3 Kg8 35.
Qh6 Rg7 36. Ne3 b5 37. Nf5 h4 38. Rg2 Kf7 39. Qxg7+ Qxg7 40. Nxg7 Kxg7 41. cxb5
axb5 42. a5 b4 43. Bg5 h3 44. Ra2 c4 45. bxc4 b3 46. Rb2 Rb4 47. Kg1 Rxc4 48.
Rxb3 Ra4 49. Bd2 Kf7 50. Kf2 Ke6 51. Rd3 1-0

[Event "3rd North Wales FIDE Open"]
[Site "Llandudno"]
[Date "2018.06.24"]
[Round "5.11"]
[White "Camp, Imogen A L"]
[Black "Burns, Martin J"]
[Result "1-0"]
[WhiteElo "1832"]
[BlackElo "1921"]
[PlyCount "99"]
[EventDate "2018.06.22"]
[EventType "swiss"]
[EventRounds "5"]
[EventCountry "WLS"]
[SourceDate "2018.07.24"]

1. d4 Nf6 2. Nf3 g6 3. Bf4 Bg7 4. e3 d6 5. Bd3 c5 6. c3 O-O 7. h3 b6 8. O-O Bb7
9. Qe2 Nbd7 10. e4 Rc8 11. Nbd2 Nh5 12. Bh2 Bh6 13. Rfe1 Nf4 14. Bxf4 Bxf4 15.
Nc4 b5 16. Ne3 c4 17. Bc2 e6 18. g3 Bh6 19. Ng2 a6 20. Rad1 Qc7 21. Nd2 e5 22.
d5 Qb6 23. Kh2 a5 24. h4 a4 25. a3 Rce8 26. Ne3 Qd8 27. Kg2 Nc5 28. Rh1 Bxe3
29. Qxe3 f5 30. Qh6 fxe4 31. Nxe4 Nxe4 32. Bxe4 Qf6 33. f3 Rc8 34. h5 Qg7 35.
hxg6 hxg6 36. Qxg6 Qxg6 37. Bxg6 Rf6 38. Be4 Rc7 39. Rh5 Rg7 40. Rdh1 Kf8 41.
Rh8+ Rg8 42. g4 Rf7 43. Rxg8+ Kxg8 44. Rh6 Rd7 45. g5 Rg7 46. g6 Bc8 47. Kg3
Bd7 48. Kh4 Be8 49. Kg5 Bd7 50. Kf6 1-0

[Event "3rd North Wales FIDE Open"]
[Site "Llandudno"]
[Date "2018.06.24"]
[Round "5.12"]
[White "Gogia, Armaan"]
[Black "Taylor, Mark V"]
[Result "1/2-1/2"]
[WhiteElo "1679"]
[BlackElo "1978"]
[PlyCount "33"]
[EventDate "2018.06.22"]
[EventType "swiss"]
[EventRounds "5"]
[EventCountry "WLS"]
[SourceDate "2018.07.24"]

1. e4 e6 2. Nf3 c5 3. d4 cxd4 4. Nxd4 Nc6 5. Nc3 Qc7 6. Be3 a6 7. Qd2 Nf6 8. f3
Bb4 9. O-O-O b5 10. Nxc6 Qxc6 11. Bd4 h6 12. Kb1 Bb7 13. Qf4 Rc8 14. Be2 Be7
15. Bd3 Qc7 16. Qe3 Bc5 17. Rhe1 1/2-1/2